| 000 | 00445nam a2200157Ia 4500 | ||
|---|---|---|---|
| 003 | OSt | ||
| 005 | 20200617113535.0 | ||
| 008 | 190216s9999||||xx |||||||||||||| ||und|| | ||
| 040 | _coclc | ||
| 082 |
_a954.03 _bCHA/H |
||
| 100 |
_aChaurasia, R S _93004 |
||
| 245 | 0 |
_aHistory Of Modern India / _cR S Chaurasia |
|
| 260 |
_bKing`S Books, _c1998. _aDelhi: |
||
| 300 | _a238p | ||
| 942 |
_cBK _2ddc _h954.03 _iCHA/H _k954.03 _mCHA/H |
||
| 999 |
_c20713 _d20713 |
||